Brazilian Série A/B teams (21st century) - Statistics

General Stats
  • This quiz has been taken 64 times
  • The average score is 55 of 90
Answer Stats
State Team % Correct
MG Atlético-MG
96%
PR Athletico
92%
RJ Flamengo
92%
RJ Botafogo
90%
RJ Fluminense
90%
RS Grêmio
90%
RS Internacional
90%
SP Palmeiras
90%
SP Santos
90%
RJ Vasco
90%
BA Bahia
88%
SP Corinthians
88%
GO Goiás
88%
PE Sport
88%
MG Cruzeiro
86%
MG América-MG
84%
CE Ceará
84%
CE Fortaleza
84%
AM Amazonas
82%
SC Avaí
82%
SP São Paulo
82%
GO Atlético-GO
80%
RS Brasil
80%
SC Chapecoense
80%
SP Ponte Preta
80%
BA Vitória
80%
RN América-RN
78%
PR Coritiba
78%
RS Juventude
78%
SC Criciúma
76%
PA Paysandu
76%
DF Brasiliense
73%
SP Mirassol
73%
PR Paraná
73%
SC Figueirense
71%
SC Joinville
71%
PE Náutico
71%
PA Remo
71%
GO Vila Nova
71%
RN ABC
69%
SP Guarani
69%
SP Red Bull Bragantino
69%
PE Santa Cruz
69%
AL CRB
67%
RJ Duque de Caxias
67%
SP São Caetano
67%
AL CSA
65%
MT Cuiabá
65%
PR Operário
65%
SC Brusque
63%
SP Ituano
63%
SP Santo André
63%
RS Caxias
59%
PR Londrina
59%
SP Portuguesa
59%
SP Novorizontino
57%
DF Gama
55%
AL ASA
53%
CE Icasa
53%
SP Botafogo-SP
51%
MG Ipatinga
51%
MA Sampaio Corrêa
51%
MT Luverdense
49%
SP Grêmio Barueri
47%
AM Nacional
47%
SE Sergipe
47%
MG Boa Esporte
41%
PB Campinense
41%
SP Paulista
41%
PA Tuna Luso
41%
MG Tupi
41%
SE Confiança
39%
SP Guaratinguetá
39%
PE Salgueiro
37%
RJ Macaé
33%
SP Mogi Mirim
33%
MG Tombense
33%
ES Desportiva
31%
SP Oeste
31%
AM São Raimundo
31%
RJ Americano
29%
SP Marília
29%
ES Serra
29%
SP São Bento
24%
SP União São João
24%
GO Anapolina
22%
CE Guarany
22%
SP XV de Piracicaba
22%
SP União Barbarense
18%
PR Malutrom
16%
No matching quizzes found
Score Distribution
Percent of People with Each Score
Percentile by Number Answered
Your Score History
You have not taken this quiz